000
00285nam a22001337a 4500
999
_c
10163
_d
10163
020
_a
0-17-490018-X
082
_a
150
100
_a
Nicky Hayes
245
_a
Foundations of Psychology
260
_a
USA
_b
McGraw Hill
_c
1996
300
_a
1116
650
_a
Psychology
942
_c
BK